| 000 | 00526nam a2200229Ia 4500 | ||
|---|---|---|---|
| 003 | OSt | ||
| 005 | 20220924145536.0 | ||
| 006 | a|||||r|||| 00| 0 | ||
| 007 | ta | ||
| 008 | TEL | ||
| 024 | _a329256 | ||
| 037 | _cTextual | ||
| 040 |
_aARTS _cARTS _bTEL |
||
| 041 |
_2TEL _aTEL |
||
| 082 | _aNR21xK17, 35J2 | ||
| 100 |
_aKshetrayya Au. _9220008 |
||
| 245 | 0 | _aPadamulu | |
| 260 | _c1952 | ||
| 650 |
_aMUSIC _917402 |
||
| 942 |
_hNR21xK17, 35J2 _cTEXL _2CC |
||
| 999 |
_c460432 _d460432 |
||